000 00589nam a2200229Ia 4500
003 OSt
005 20221005130224.0
006 a|||||r|||| 00| 0
007 ta
008 221004b |||||||| |||| 00| 0 kan d
024 _a59759
037 _cTextual
040 _aCRL
_cCRL
_bkan
041 _2kan
_akan
082 _aO33,1L7,1, J2
100 _aVenkamatya
_9637780
245 0 _aRamayan madras government orienlal manusgipts
260 _c1952
650 _aKANNAD LITERATURE
942 _hO33,1L7,1, J2
_cTEXL
_2cc
999 _c1056468
_d1056468